000 00536 a2200169 4500
001 136334
020 _a9788502060098
040 _cLeonardo Da Vinci
041 _aPortuguês
082 _a382 M176c
_bM176c
100 _aMAGNOLI, Demétrio
_aSERAPIÃO JUNIOR, Carlos
245 _aComércio exterior e negociações internacionais
_bteoria e prática
260 _bSaraiva
_c2008
_aSão Paulo
362 _a20080000
697 _aComércio internacional
_aRelações internacionais
_aComércio exterior
_aEconomia
_aFIPEN
942 _cBK
999 _c136334
_d136334